WASTE WATER TECHNIQUES FOR EVALUATION & MANAGEMENT / (Record no. 594367)

000 -LEADER
fixed length control field 00342nam a22001337a 4500
020 ## - INTERNATIONAL STANDARD BOOK NUMBER
Qualifying information HB.
040 ## - CATALOGING SOURCE
Transcribing agency FIZZA ISHAQ
082 ## - DEWEY DECIMAL CLASSIFICATION NUMBER
Classification number 628.161
Author Mark GAB
100 ## - MAIN ENTRY--PERSONAL NAME
Personal name CRAIG,GABRIEL.
9 (RLIN) 111529
245 ## - TITLE STATEMENT
Title WASTE WATER TECHNIQUES FOR EVALUATION & MANAGEMENT /
Statement of responsibility, etc. GABRIEL CRAIG.
260 ## - PUBLICATION, DISTRIBUTION, ETC.
Place of publication, distribution, etc. NEW YORK ;
Date of publication, distribution, etc. 2021.
300 ## - PHYSICAL DESCRIPTION
Extent 3001 P. ;
942 ## - ADDED ENTRY ELEMENTS (KOHA)
Source of classification or shelving scheme
Koha item type Book
Holdings
Withdrawn status Lost status Source of classification or shelving scheme Damaged status Not for loan Permanent Location Current Location Date acquired Total Checkouts Full call number Barcode Date last seen Price effective from Koha item type
          NUST Baluchistan Campus (NBC) NUST Baluchistan Campus (NBC) 03/28/2023   628.161 GAB Q-6269 03/28/2023 03/28/2023 Book
© 2023 Central Library, National University of Sciences and Technology. All Rights Reserved.